GRAY'S ANATOMY FOR STUDENTS (Record no. 23201)

MARC details
000 -LEADER
fixed length control field 00393nam a22001697a 4500
003 - CONTROL NUMBER IDENTIFIER
control field SGT
020 ## - INTERNATIONAL STANDARD BOOK NUMBER
International Standard Book Number 9780323611046
082 ## - DEWEY DECIMAL CLASSIFICATION NUMBER
Classification number 611
Item number G20D
100 ## - MAIN ENTRY--PERSONAL NAME
Personal name DRAKE, RICHARD L.
245 ## - TITLE STATEMENT
Title GRAY'S ANATOMY FOR STUDENTS
250 ## - EDITION STATEMENT
Edition statement 4TH
260 ## - PUBLICATION, DISTRIBUTION, ETC. (IMPRINT)
Place of publication, distribution, etc PHILADELPHIA
Name of publisher, distributor, etc ELSEVIER PUB
Year of Publication 2020
300 ## - PAGE DESCRIPTION
No. of Pages 1153
650 ## - SUBJECT ADDED ENTRY--TOPICAL TERM
Topical term or geographic name as entry element HUMAN ANATOMY
653 ## - KEYWORDS--INDEX TERM
Keyword term GRAY'S ANATOMY FOR STUDENTS
942 ## - ADDED ENTRY ELEMENTS (KOHA)
Source of classification or shelving scheme Dewey Decimal Classification
Koha item type Books
Holdings
Withdrawn status Lost status Source of classification or shelving scheme Damaged status Not for loan Collection code Home library Current library Shelving location Date acquired Vendor Name Cost, normal purchase price SGTU Bill Number Total Checkouts Full call number Accession No. (Barcode) Date last seen Bill Date Koha item type
    Dewey Decimal Classification   Not For Loan MEDICAL SGT Medical Library SGT Medical Library Reference Book 30/08/2022 ABC DELHI 4050.00 SGTU 14699   611 G20D FM13051 30/08/2022 30/06/2022 Books
    Dewey Decimal Classification   Not For Loan MEDICAL SGT Medical Library SGT Medical Library Reference Book 30/08/2022 ABC DELHI 4050.00 SGTU 14699   611 G20D FM13052 30/08/2022 30/06/2022 Books